| 000 | 00386nam a22001457a 4500 | ||
|---|---|---|---|
| 003 | OSt | ||
| 005 | 20170518095715.0 | ||
| 008 | 151110b xxu||||| |||| 00| 0 eng d | ||
| 020 | _a9789966036193 | ||
| 040 | _cAACR2 | ||
| 245 |
_aCPS Section 4 Study Text _bEntrepreneurship _cNdeda, Sagwa Philip |
||
| 260 |
_aNairobi: _bManifested, _c2013 |
||
| 300 | _avii,318p. | ||
| 942 |
_2lcc _cREFERENCE |
||
| 999 |
_c15723 _d15723 |
||